000 00671nam a2200205 4500
001 144200
003 ES-MaACL
005 20250910202027.0
007 t|
008 070214s1907 sp r ||||1| spa d
100 1 _aSinclair, Upton,
_d1878-1968
_9106614
245 1 3 _aLa jungla
_b: o Los envenenadores de Chicago : novela /
_cUpton Sinclair ; traducida por Vicente Vera y López.
260 _aMadrid :
_b[s. n.],
_c1907 (
_fT. Rey)
300 _aVII, 395 p. ;
_c18 x 12 cm.
700 1 _aVera, Vicente,
_d1855-1934
_9113953
740 0 _aLos envenenadores de Chicago.
740 0 _aThe jungle.
852 _aES-MaACL
_jD-3016
999 _c144200
_d144200